[Event "It (open)"]
[Site "masterchessopen.com Aggtelek (Hungary)"]
[Round "0"]
[White "Kiss Pal (HUN)"]
[Black "Nagy Zoltan_ (HUN)"]
[Result "1-0"]
[WhiteElo "2435"]
[BlackElo "1895"]

1.d4 Nf6 2.c4 g6 3.Nc3 d5 4.Bf4 Bg7 5.e3 c5 6.dxc5 Qa5 7.Rc1 Ne4 8.cxd5 Nxc3
9.Qd2 Qxc5 10.bxc3 O-O 11.e4 b6 12.Nf3 Ba6 13.c4 Nd7 14.Be2 Nf6 15.Bd3 Rfd8
16.O-O Bb7 17.Be3 Qc8 18.c5 bxc5 19.Rxc5 Qd7 20.Rfc1 Rac8 21.Qa5 Rxc5 22.Rxc5
Rc8 23.Rxc8+ Bxc8 24.Qxa7 Qd6 25.Qa8 Qc7 26.Ba6 Nxe4 27.Qxc8+ Qxc8 28.Bxc8 Nc3
29.Bb7 Nxa2 30.Bd2 h6 31.Kf1 Kf8 32.Ke2 Ke8 33.Bc6+ Kd8 34.Kd3 Kc7 35.Be8 {#r}
1-0

[Event "It (open)"]
[Site "masterchessopen.com Antwerpen (Belgium)"]
[Round "8"]
[White "Leitao Rafael (BRA)"]
[Black "Van Wely Loek (NED)"]
[Result "1-0"]
[WhiteElo "2550"]
[BlackElo "2635"]

1.d4 Nf6 2.c4 g6 3.Nc3 d5 4.Bf4 Bg7 5.e3 c5 6.dxc5 Qa5 7.Rc1 dxc4 8.Bxc4 Qxc5
9.Nb5 Qb4+ 10.Kf1 Na6 11.a3 Qxb2 12.Rb1 Qxb1 13.Qxb1 O-O 14.Nf3 Bf5 15.Qa2 Nc5
16.Ne5 e6 17.f3 Rfd8 18.g4 Bd3+ 19.Nxd3 Nxd3 20.Bg3 a6 21.Nc7 Rac8 22.Nxe6 Nc1
23.Qc2 Nd5 24.Nxd8 Nxe3+ 25.Kf2 Nxc2 26.Bxf7+ Kh8 27.Rxc1 Bd4+ 28.Ke2 Bb2
29.Ne6 {#r} 1-0

[Event "It (open)"]
[Site "masterchessopen.com Bad Wiessee (Germany)"]
[Round "3"]
[White "Dinser Hans (GER)"]
[Black "Selg Rudolf (GER)"]
[Result "1-0"]
[WhiteElo "1843"]
[BlackElo "1930"]

1.d4 Nf6 2.c4 g6 3.Nc3 d5 4.Bf4 Bg7 5.e3 c6 6.Nf3 Bg4 7.Qb3 b6 8.Rc1 Bxf3
9.gxf3 e6 10.cxd5 cxd5 11.Bb5+ Nfd7 12.Nxd5 exd5 13.Qxd5 a6 14.Qe4+ Kf8
15.Qxa8 axb5 16.Qb7 {#r} 1-0

[Event "Ch Slovenia (juniors)"]
[Site "masterchessopen.com Bled (Slovenia)"]
[Round "2"]
[White "Stojnic Miodrag (SLO)"]
[Black "Kosmac Blaz (SLO)"]
[Result "0-1"]
[WhiteElo "2150"]
[BlackElo "2192"]

1.d4 Nf6 2.c4 g6 3.Nc3 d5 4.Bf4 Bg7 5.e3 c6 6.Bd3 Be6 7.Qb3 dxc4 8.Bxc4 Bxc4
9.Qxc4 Nbd7 10.Nf3 O-O 11.h3 Rc8 12.Rd1 Qb6 13.Rd2 c5 14.d5 Qb4 15.Qb3 Nb6
16.O-O Nc4 17.Rc2 Nd7 18.Rfc1 Ndb6 19.Na4 Qxa4 20.Qxa4 Nxa4 21.Rxc4 b5 22.R4c2
c4 23.Ne5 Nb6 24.Rd1 Rfd8 25.e4 f6 26.Nf3 f5 27.Nd4 Bxd4 28.Rxd4 fxe4 29.Rcd2
Rc5 30.Rxe4 Rcxd5 31.Rde2 Rd1+ 32.Kh2 Nd5 33.Bg5 Re8 34.a3 Kf7 35.Re5 e6
36.Bd2 Rb1 37.Ba5 a6 38.Be1 Nf4 39.R2e4 Nd3 {#R} 0-1

[Event "Ch Sweden (corr.)"]
[Site "masterchessopen.com corr."]
[Round "2"]
[White "Akesson Joel (SWE)"]
[Black "Moberg Karl Johan (SWE)"]
[Result "0-1"]
[WhiteElo "2275"]
[BlackElo "2320"]

1.d4 Nf6 2.c4 g6 3.Nc3 d5 4.Bf4 Bg7 5.e3 c5 6.dxc5 Qa5 7.Qb3 Nc6 8.Qb5 Be6
9.Nf3 dxc4 10.Nd4 Nd5 11.Qxa5 Nxa5 12.Nxd5 Bxd5 13.O-O-O Bxd4 14.exd4 O-O-O
15.Rg1 Rd7 16.Be2 Rhd8 17.Rd2 Nc6 18.Be3 b5 19.f3 Nb4 20.a3 Nc6 21.g4 Be6
22.Rgd1 Na5 23.Kb1 Nb3 24.Rc2 Nxd4 25.c6 Rd6 26.Bf4 Nxc2 27.Bxd6 Ne3 28.Bxe7
Rxd1+ 29.Bxd1 Nxd1 30.Bc5 Bd5 31.f4 a6 32.Kc2 Bf3 33.Bb6 Bxg4 34.h3 Bf3 35.h4
Bg4 36.Kc1 Bf3 37.Kc2 Kb8 38.b3 cxb3+ 39.Kxb3 Bxc6 40.Kc2 Bf3 {#R} 0-1

[Event "Cup Dusseldorf"]
[Site "masterchessopen.com Dusseldorf (Germany)"]
[Round "0"]
[White "Kuehler Wolfgang (GER)"]
[Black "Schimpf Markus (GER)"]
[Result "0-1"]
[WhiteElo "2191"]
[BlackElo "2318"]

1.d4 Nf6 2.c4 g6 3.Nc3 d5 4.Bf4 Bg7 5.e3 c5 6.dxc5 Qa5 7.Rc1 Ne4 8.cxd5 Nxc3
9.Qd2 Qxa2 10.bxc3 Qa5 11.e4 Nd7 12.Bc4 Nxc5 13.Ne2 Qa4 14.Bd3 Nxe4 15.Qe3 Nf6
16.O-O O-O 17.c4 e6 18.Ra1 Qd7 19.dxe6 Qxe6 20.Rxa7 Qxe3 21.Bxe3 Rxa7 22.Bxa7
Rd8 23.Bd4 Ng4 24.Bxg7 Kxg7 25.Nf4 g5 26.Nd5 Ne5 27.Be2 Be6 28.f4 gxf4 29.Rxf4
b5 30.Nc7 Bxc4 31.Bxc4 bxc4 32.Rf5 Rd1+ 33.Kf2 c3 {#R} 0-1

[Event "Ch Hungary (team) 1998/99"]
[Site "masterchessopen.com Hungary"]
[Round "0"]
[White "Vigh Bela (HUN)"]
[Black "Szabo Zsolt (HUN)"]
[Result "0-1"]
[WhiteElo "2385"]
[BlackElo "2415"]

1.d4 Nf6 2.c4 g6 3.Nc3 d5 4.Bf4 Bg7 5.e3 c5 6.dxc5 Qa5 7.Rc1 Ne4 8.cxd5 Nxc3
9.Qd2 Qxa2 10.bxc3 Qa5 11.Nf3 Nd7 12.c4 Qxd2+ 13.Nxd2 Nxc5 14.e4 O-O 15.Be3 b6
16.Be2 f5 17.f3 fxe4 18.Nxe4 Nb3 19.Rb1 Nd4 20.Bd3 a5 21.Rxb6 a4 22.Bb1 Bf5
23.Ba2 Rfb8 24.c5 Rxb6 25.cxb6 Rb8 26.d6+ Kf8 27.dxe7+ Kxe7 28.O-O Rxb6 29.Re1
Rb2 30.Nc3 Nxf3+ 31.gxf3 Bxc3 32.Bg5+ Kf8 33.Bh6+ Bg7 34.Bxg7+ Kxg7 35.Bd5 a3
36.Re7+ Kf6 37.Ra7 Ke5 38.Bg8 Bh3 39.f4+ {#R} 0-1

[Event "It (b)"]
[Site "masterchessopen.com Linkoping (Sweden)"]
[Round "5"]
[White "Pettersson Alexander (MLT)"]
[Black "Jordan Christian (GER)"]
[Result "0-1"]
[WhiteElo "1958"]
[BlackElo "2192"]

1.d4 Nf6 2.c4 g6 3.Nc3 d5 4.Bf4 Bg7 5.e3 c6 6.Nf3 Bg4 7.Bd3 O-O 8.h3 Bxf3
9.Qxf3 e6 10.O-O Nbd7 11.cxd5 exd5 12.b4 Nb6 13.a4 Re8 14.Rfc1 Nc4 15.Bxc4
dxc4 16.Qe2 Nd5 17.Nxd5 cxd5 18.Qd2 f5 19.b5 Re6 20.a5 Qe8 21.Qb4 Bf8 22.Qb2
h6 23.b6 a6 24.Qc2 Qf7 25.Be5 g5 26.Re1 h5 27.Qe2 Bg7 28.Bxg7 Kxg7 29.Qf3 Rd8
30.Qg3 Kh6 31.Qf3 Re4 32.Rad1 Qe6 33.Rc1 g4 34.hxg4 hxg4 35.Qg3 Kg5 36.Qh2 Re8
37.g3 Qc8 38.Qh7 R4e7 39.Qh4+ Kg6 40.Qh1 Qc6 41.Kg2 Rh7 42.Qg1 Qe6 43.f3 gxf3+
44.Kxf3 Qe4+ 45.Ke2 Reh8 46.Rf1 Rh2+ 47.Ke1 Qd3 {#R} 0-1

[Event "Ch France (b)"]
[Site "masterchessopen.com Meribel (France)"]
[Round "5"]
[White "Vallin Guillaume (FRA)"]
[Black "Karr Jean-Philippe (FRA)"]
[Result "1-0"]
[WhiteElo "2315"]
[BlackElo "2360"]

1.d4 Nf6 2.c4 g6 3.Nc3 d5 4.Bf4 Bg7 5.e3 c5 6.dxc5 Qa5 7.Qb3 O-O 8.Qb5 Qxb5
9.cxb5 Bf5 10.Rd1 Rc8 11.b4 a5 12.bxa6 Nxa6 13.Bxa6 Rxa6 14.Be5 Ne4 15.Bxg7
Kxg7 16.Nge2 Nxc3 17.Nxc3 Ra3 18.Nxd5 Bd3 19.f3 e6 20.Nb6 Rd8 21.Rd2 Re8
22.Kf2 e5 23.Rhd1 e4 24.fxe4 Bxe4 25.Nc4 Rc3 26.Rd4 Re6 27.Nd6 Bc2 28.Rc1 Rf6+
29.Rf4 {#r} 1-0

[Event "Ch Norway (team)"]
[Site "masterchessopen.com Norway"]
[Round "5"]
[White "Elsness Frode (NOR)"]
[Black "Kolas Tore (NOR)"]
[Result "1-0"]
[WhiteElo "2350"]
[BlackElo "2229"]

1.d4 Nf6 2.c4 g6 3.Nc3 d5 4.Bf4 Bg7 5.e3 c5 6.dxc5 Qa5 7.Qa4+ Qxa4 8.Nxa4 Bd7
9.Nc3 Bc6 10.Nf3 Nbd7 11.O-O-O dxc4 12.Ne5 Nh5 13.Nxc6 Nxf4 14.Nxe7 Nd3+
15.Bxd3 cxd3 16.Ned5 O-O 17.Rxd3 Nxc5 18.Rd2 a5 19.Rhd1 a4 20.Nb5 Ra5 21.Ndc7
Ne4 22.Rc2 Rc8 23.f3 Nf6 24.Rcd2 h5 25.Rd8+ Rxd8 26.Rxd8+ Kh7 27.Kc2 Bh6
28.Kd3 Bg5 29.f4 Bh6 30.Kc4 b6 31.Rd6 Ng4 32.Rxb6 Nxe3+ 33.Kb4 Bxf4 34.Kxa5
Nc4+ 35.Ka6 Nxb6 36.Kxb6 Bxh2 37.Nd5 Kh6 38.Nbc3 f5 39.Nxa4 f4 40.Nac3 f3
41.gxf3 h4 42.Ne2 h3 43.Nf6 Kg5 {#r} 1-0

[Event "It (open)"]
[Site "masterchessopen.com Ubeda (Spain)"]
[Round "7"]
[White "Timoshenko Georgy (UKR)"]
[Black "Pelletier Yannick (SUI)"]
[Result "1-0"]
[WhiteElo "2595"]
[BlackElo "2525"]

1.d4 Nf6 2.c4 g6 3.Nc3 d5 4.Bf4 Bg7 5.e3 c5 6.dxc5 Qa5 7.Rc1 dxc4 8.Bxc4 O-O
9.Ne2 Qxc5 10.Qb3 Qa5 11.O-O Nbd7 12.Rfd1 a6 13.a4 Ne5 14.Nd5 Nxc4 15.Nxe7+
Kh8 16.Nxc8 Nxe3 17.Bxe3 Raxc8 18.Rxc8 Rxc8 19.Qxb7 Rf8 20.b3 Ng4 21.Qd5 Qc7
22.Bf4 Qb6 23.Bg3 Kg8 24.h3 Nh6 25.a5 Qf6 26.Qc4 Nf5 27.Bf4 h5 28.b4 Re8
29.Ng3 Nd4 30.Be3 Nb5 31.Ne4 Qe7 32.Nc5 Rc8 33.Qd5 Qf6 34.Qb7 Rc6 35.Qa8+ {#r}
1-0

[Event "It (open)"]
[Site "masterchessopen.com Vienna (Austria)"]
[Round "0"]
[White "Ballon Guenther Jan (NED)"]
[Black "Mikhalevski Victor (ISR)"]
[Result "0-1"]
[WhiteElo "2305"]
[BlackElo "2540"]

1.d4 Nf6 2.c4 g6 3.Nc3 d5 4.Bf4 Bg7 5.e3 c5 6.dxc5 Qa5 7.Qa4+ Qxa4 8.Nxa4 Bd7
9.Nc3 Ne4 10.Rc1 Nxc3 11.bxc3 dxc4 12.Bxc4 Bc6 13.Nf3 Nd7 14.O-O e5 15.Bg3 f6
16.Nd2 Nxc5 17.Nb3 Ne4 18.Rfd1 Rc8 19.Be6 Rc7 20.c4 Ke7 21.Bd5 Rhc8 22.Bxe4
Bxe4 23.f3 Bf5 24.e4 Be6 25.Bf2 Bh6 26.Rc2 Rxc4 27.Rxc4 Rxc4 28.Bxa7 Ra4
29.Bc5+ Kf7 30.Bb6 Rxa2 31.Na5 Rb2 {#R} 0-1

[Event "It (open) \"]
[Site "masterchessopen.com Aggtelek (Hungary)"]
[Round "2"]
[White "Kiss Pal (HUN)"]
[Black "Vereb Gabor (HUN)"]
[Result "1-0"]
[WhiteElo "2419"]
[BlackElo "2092"]

1.d4 Nf6 2.c4 g6 3.Nc3 d5 4.Bf4 Bg7 5.e3 c5 6.dxc5 Qa5 7.Rc1 Ne4 8.Ne2 dxc4
9.Qa4+ Qxa4 10.Nxa4 Bd7 11.Nec3 Nxc3 12.Nxc3 Na6 13.Bxc4 Nxc5 14.Ke2 O-O
15.Rhd1 e5 16.Bg5 Be6 17.Nd5 Ne4 18.Be7 Rfc8 19.f3 b5 20.Bb3 Rxc1 21.Rxc1 Bxd5
22.Bxd5 Re8 23.Rc7 {#r} 1-0

[Event "Ch Sao Paulo"]
[Site "masterchessopen.com Americana (Brazil)"]
[Round "3"]
[White "Carvalho Jr Celestino (BRA)"]
[Black "Tsuboi Edson Kenji (BRA)"]
[Result "0-1"]
[WhiteElo "2015"]
[BlackElo "2322"]

1.d4 Nf6 2.c4 g6 3.Nc3 d5 4.Bf4 Bg7 5.e3 c5 6.Bxb8 Rxb8 7.Qa4+ Bd7 8.Qxa7 cxd4
9.exd4 Bc6 10.Rd1 O-O 11.Qa3 dxc4 12.d5 Nxd5 13.Bxc4 e6 14.Nge2 Qg5 15.Bxd5
exd5 16.Ng3 d4 17.Nce2 Bxg2 18.Rg1 Bc6 19.Nf1 Qh4 20.Qg3 Qe7 21.Nd2 d3 22.Qxd3
Rfe8 23.Qe3 {#R} 0-1

[Event "It (open)"]
[Site "masterchessopen.com Biel (Switzerland)"]
[Round "8"]
[White "Mikhalevski Alexander (ISR)"]
[Black "Gurieli Nino (GEO)"]
[Result "1-0"]
[WhiteElo "2474"]
[BlackElo "2351"]

1.d4 Nf6 2.c4 g6 3.Nc3 d5 4.Bf4 Bg7 5.e3 c5 6.Nf3 cxd4 7.Nxd4 a6 8.Nb3 e6
9.Be2 O-O 10.O-O h6 11.Rc1 Nc6 12.Bg3 Ne4 13.Nxe4 dxe4 14.Bd6 Re8 15.Ba3 Qh4
16.Qe1 e5 17.Nc5 f5 18.Kh1 Bf8 19.Qc3 b6 20.Na4 Rb8 21.Bxf8 Rxf8 22.Rcd1 Qe7
23.c5 b5 24.Rd6 Rf6 25.Rfd1 Bb7 26.Rd7 Qe8 27.Nb6 f4 28.Nd5 Rf7 29.Rd6 f3
30.gxf3 exf3 31.Rxg6+ Kh7 32.Bd3 e4 33.Bxe4 Qxe4 34.Nf6+ Kxg6 35.Nxe4 b4
36.Qc4 Re7 37.Rg1+ {#r} 1-0

[Event "It (open)"]
[Site "masterchessopen.com Coulsdon (England)"]
[Round "3"]
[White "Summerscale Aaron (ENG)"]
[Black "Gormally Daniel (ENG)"]
[Result "0-1"]
[WhiteElo "2423"]
[BlackElo "2476"]

1.d4 Nf6 2.c4 g6 3.Nc3 d5 4.Bf4 Bg7 5.e3 c5 6.dxc5 Qa5 7.Qa4+ Qxa4 8.Nxa4 Na6
9.cxd5 Nxd5 10.Bb5+ Bd7 11.Bxd7+ Kxd7 12.O-O-O Kc6 13.Nf3 Nxc5 14.Be5 Nxa4
15.Bxg7 Rhc8 16.Ne5+ Kd6+ 17.Kb1 Ke6 18.Nxf7 Kxf7 19.Rxd5 Kxg7 20.Rd7 Kf7
21.Rxb7 Nc5 22.Rb4 a5 23.Rh4 Kg7 24.Rd1 Rab8 25.Rc4 Ne6 26.Re4 Kf7 27.Rd5 Rc5
28.Rxc5 Nxc5 29.Rd4 Ke6 30.Kc2 Rb4 31.Rd8 Rc4+ 32.Kd2 Ne4+ 33.Ke2 Rc2+ {#R}
0-1

[Event "Ch Nordic"]
[Site "masterchessopen.com Gentofte (Denmark)"]
[Round "5"]
[White "Gretarsson Helgi Ass (ISL)"]
[Black "Schandorff Lars (DEN)"]
[Result "0-1"]
[WhiteElo "2521"]
[BlackElo "2514"]

1.d4 Nf6 2.c4 g6 3.Nc3 d5 4.Bf4 Bg7 5.e3 c5 6.dxc5 Qa5 7.Rc1 dxc4 8.Bxc4 O-O
9.Ne2 Qxc5 10.Qb3 Nc6 11.Nb5 Qh5 12.Ng3 Qh4 13.Nc7 g5 14.Nf5 Bxf5 15.Bg3 Nd4
16.exd4 Qe4+ 17.Kf1 Rac8 18.Rd1 Qc6 19.Bb5 Qb6 20.Bc4 Qa5 21.Qb5 Qxb5 22.Bxb5
Rfd8 23.Bc4 e6 24.d5 Ne4 25.d6 Rxc7 26.dxc7 Rxd1+ 27.Ke2 Rd2+ {#R} 0-1

[Event "Ch Mecklenburg Vorpommern"]
[Site "masterchessopen.com Germany"]
[Round "0"]
[White "Kliewe Hans-Juergen (GER)"]
[Black "Pentzien Volker (GER)"]
[Result "0-1"]
[WhiteElo "2105"]
[BlackElo "1923"]

1.d4 Nf6 2.c4 g6 3.Nc3 d5 4.Bf4 Bg7 5.e3 c5 6.Bxb8 Rxb8 7.cxd5 O-O 8.dxc5 Qa5
9.d6 Ne4 10.Ne2 Nxc3 11.Qd2 Qxc5 12.dxe7 Qxe7 13.bxc3 b6 14.Nd4 Bb7 15.Rc1
Rfd8 16.f4 g5 17.fxg5 Qxg5 18.h4 Qg4 19.Qe2 Qg6 20.Qf2 Rbc8 21.Rh3 Be5 22.Kd2
Be4 23.h5 Qe6 24.Ke1 Qe7 25.Qb2 Qg5 26.Kf2 Kh8 27.Qd2 Rd6 28.Kg1 Rg8 {#R} 0-1

[Event "Oberliga East B 1998/99"]
[Site "masterchessopen.com Germany"]
[Round "0"]
[White "Nagel Bernhard (GER)"]
[Black "Schaefer Michael (GER)"]
[Result "1-0"]
[WhiteElo "2216"]
[BlackElo "2231"]

1.d4 Nf6 2.c4 g6 3.Nc3 d5 4.Bf4 Bg7 5.e3 c5 6.dxc5 Qa5 7.Rc1 Ne4 8.cxd5 Nxc3
9.Qd2 Qxa2 10.bxc3 Qa5 11.c4 Qxd2+ 12.Kxd2 Na6 13.c6 bxc6 14.c5 cxd5 15.Bb5+
Kf8 16.Bc6 e5 17.Bxe5 Bxe5 18.Bxa8 d4 19.Nf3 dxe3+ 20.fxe3 Bf6 21.Nd4 Nc7
22.Bf3 Kg7 23.Ke2 h5 24.Kf2 Bh4+ 25.g3 Bf6 26.Rb1 h4 27.Rb8 Na6 28.Rxc8 Rxc8
29.Bb7 Rxc5 30.Bxa6 Ra5 31.Be2 Ra3 32.Rd1 a5 33.Nb5 Ra2 34.Rd7 hxg3+ 35.hxg3
Be5 36.g4 Kf8 37.Kf3 Ra1 38.Bc4 f6 39.Nd4 Rb1 40.Ne6+ Ke8 41.Ra7 Rb4 42.Bd3
{#r} 1-0

[Event "It (open)"]
[Site "masterchessopen.com Haarlem (Netherlands)"]
[Round "3"]
[White "Pancras Paul"]
[Black "Hensbergen Willem (NED)"]
[Result "0-1"]
[WhiteElo "1810"]
[BlackElo "2104"]

1.d4 Nf6 2.c4 g6 3.Nc3 d5 4.Bf4 Bg7 5.e3 c5 6.dxc5 Qa5 7.Qb3 Nc6 8.Qb5 Be6
9.Nf3 Rc8 10.Nd4 dxc4 11.Nxe6 fxe6 12.Bxc4 Nd5 13.Qxa5 Nxa5 14.Bb5+ Kf7 15.Na4
Rhd8 16.O-O Nxf4 17.exf4 Rd4 18.Rad1 Rcd8 19.Nc3 Rd2 20.Rxd2 Rxd2 21.b4 Bxc3
22.bxa5 Bxa5 23.f3 Rxa2 24.Rf2 Bd2 25.Re2 Ra1+ 26.Kf2 Bxf4 27.g3 Bc7 28.Rc2
Ra5 29.Bd3 Rxc5 {#R} 0-1

[Event "Ch Israel (team)"]
[Site "masterchessopen.com Israel"]
[Round "3"]
[White "Mikhalevski Alexander (ISR)"]
[Black "Greenfeld Alon (ISR)"]
[Result "0-1"]
[WhiteElo "2474"]
[BlackElo "2538"]

1.d4 Nf6 2.c4 g6 3.Nc3 d5 4.Bf4 Bg7 5.e3 c5 6.Nf3 cxd4 7.Nxd4 O-O 8.Ndb5 Qa5
9.a3 Bd7 10.Bc7 b6 11.b4 Qa6 12.Be5 Nc6 13.Nc7 Qb7 14.Bxf6 Bxf6 15.N7xd5 Bg7
16.Qf3 Kh8 17.Rc1 Ne5 18.Qf4 Bc6 19.h4 e6 20.h5 g5 21.Qg3 h6 22.b5 Be8 23.Nb4
Rc8 24.f4 Nxc4 25.fxg5 Be5 26.Qf2 Nxa3 27.Qd2 Rxc3 28.Rxc3 Nb1 29.Qc2 Nxc3
30.Bd3 Rg8 31.g6 Qe7 32.Nc6 Bxc6 33.bxc6 Qg5 34.O-O fxg6 35.Rf3 gxh5 36.c7 Qg7
37.c8=Q Rxc8 38.Ba6 Rg8 39.Qf2 Ne4 40.Qh4 Qxg2# 0-1

[Event "Cup Russia (open)"]
[Site "masterchessopen.com Novgorod (Russia)"]
[Round "9"]
[White "Zakharevich Igor (RUS)"]
[Black "Dvoirys Semen I (RUS)"]
[Result "1-0"]
[WhiteElo "2523"]
[BlackElo "2590"]

1.d4 Nf6 2.c4 g6 3.Nc3 d5 4.Bf4 Bg7 5.e3 c5 6.dxc5 Qa5 7.Qa4+ Qxa4 8.Nxa4 O-O
9.Nc3 Be6 10.Nf3 dxc4 11.Nd4 Nd5 12.Nxe6 fxe6 13.Bxc4 Nxf4 14.exf4 Rxf4
15.Bxe6+ Kf8 16.Bc8 Rb4 17.Nd5 Rxb2 18.Nc7 Na6 19.Nxa8 Bc3+ 20.Kf1 Nxc5 21.Nc7
Ne4 22.Kg1 Rc2 23.Rf1 Ba5 24.Ne6+ Kg8 25.Bxb7 Nxf2 26.h3 Bb6 27.Kh2 Kf7 28.Bd5
Rd2 29.Bb3 {#r} 1-0

[Event "It (open)"]
[Site "masterchessopen.com Tatranska Lomnica (Slovakia)"]
[Round "1"]
[White "Likavsky Tomas (SVK)"]
[Black "Krutina Miroslav (CZE)"]
[Result "1-0"]
[WhiteElo "2366"]
[BlackElo "1997"]

1.d4 Nf6 2.c4 g6 3.Nc3 d5 4.Bf4 Bg7 5.e3 c5 6.dxc5 Qa5 7.Qb3 Ne4 8.Qb5+ Nc6
9.Qxa5 Nxa5 10.Nxd5 Bxb2 11.Nc7+ Kd8 12.Rd1+ Bd7 13.Nxa8 Bc3+ 14.Ke2 e5 15.f3
Nxc5 16.Bg5+ Kc8 17.Kf2 Bc6 18.Nh3 b6 19.Nxb6+ axb6 20.Bf6 Re8 21.Ng5 Nd7
22.Nxh7 Re6 23.Bg7 Ba4 24.Rb1 Rd6 25.Nf8 Nc5 26.h4 Rd2+ 27.Kg3 Kc7 28.h5 gxh5
29.Rxh5 Nc6 30.Rf5 {#r} 1-0

[Event "Ch Russia (1/2 final)"]
[Site "masterchessopen.com Ufa (Russia)"]
[Round "8"]
[White "Zaichko Andrey (RUS)"]
[Black "Davydov Sergey P (RUS)"]
[Result "0-1"]
[WhiteElo "2407"]
[BlackElo "2303"]

1.d4 Nf6 2.c4 g6 3.Nc3 d5 4.Bf4 Bg7 5.e3 c5 6.dxc5 Qa5 7.Qb3 dxc4 8.Bxc4 O-O
9.Nf3 Ne4 10.Be5 Nxc5 11.Qb5 Nc6 12.Bxg7 Kxg7 13.O-O-O Qxb5 14.Bxb5 Bf5
15.Bxc6 bxc6 16.Ne1 a5 17.f3 Rfd8 18.Rxd8 Rxd8 19.Rf1 Be6 20.Rf2 Rb8 21.Kc2
Bc4 22.Rd2 Kf8 23.Rd4 Bf1 24.Na4 Na6 25.a3 c5 26.Rd2 Bc4 27.Nc3 Ke8 28.Nd3
Bb3+ 29.Kc1 f6 30.Nf4 g5 31.Nh5 Bf7 32.Ng3 h5 33.Nf5 h4 34.e4 c4 35.Na4 h3
36.gxh3 Kf8 37.h4 gxh4 38.Nxh4 Be8 39.Nc3 Nc5 40.Kb1 Nd3 41.Nf5 Ne5 42.f4 Nd3
{#R} 0-1

[Event "It (open)"]
[Site "masterchessopen.com Zalakaros (Hungary)"]
[Round "4"]
[White "Rat Dan Ovidiu (ROM)"]
[Black "Groszpeter Attila (HUN)"]
[Result "0-1"]
[WhiteElo "2334"]
[BlackElo "2480"]

1.d4 Nf6 2.c4 g6 3.Nc3 d5 4.Bf4 Bg7 5.e3 c5 6.dxc5 Qa5 7.Qa4+ Qxa4 8.Nxa4 O-O
9.Nf3 Na6 10.Rc1 Bd7 11.Nc3 dxc4 12.Bxc4 Nxc5 13.O-O Rfc8 14.Be2 Nce4 15.Be5
Nxc3 16.Bxc3 Ne4 17.Bxg7 Kxg7 18.Bd3 Nc5 19.Bc2 Rc7 20.Rcd1 Be6 21.Bb1 Na4
22.Rd2 Rac8 23.b3 Rc1 24.Bd3 Rxf1+ 25.Kxf1 Rc1+ 26.Ne1 Nc3 27.Rb2 Ra1 28.a4
Nd1 29.Rb1 Rxb1 30.Bxb1 Bxb3 31.Bc2 Bxc2 32.Nxc2 a5 33.Ke2 Nb2 {#R} 0-1

[Event "It (sheveningen)"]
[Site "masterchessopen.com Budapest (Hungary)"]
[Round "0"]
[White "Somogyi Istvan (HUN)"]
[Black "Sanchez Jerez Emilio (ESP)"]
[Result "1-0"]
[WhiteElo "2238"]
[BlackElo "2275"]

1.d4 Nf6 2.c4 g6 3.Nc3 d5 4.Bf4 Bg7 5.e3 a6 6.Nf3 O-O 7.Rc1 Nh5 8.Bg5 h6 9.Bh4
g5 10.Ne5 Nf6 11.Bg3 e6 12.h4 g4 13.h5 Nc6 14.Bh4 Qe8 15.Bxf6 Bxf6 16.Nxg4 Bg7
17.cxd5 Ne7 18.Qf3 f5 19.Ne5 f4 20.exf4 Nf5 21.Qe4 Rf6 22.Bd3 Ra7 23.dxe6 Bxe6
24.Nd5 Bxd5 25.Qxd5+ Kh8 26.Rxc7 Ne7 27.Qe4 Kg8 28.Bc4+ {#r} 1-0

[Event "Tournament (Elo)"]
[Site "masterchessopen.com Budapest (Hungary)"]
[Round "0"]
[White "Jabir S (IRQ)"]
[Black "Lakat Gyula (HUN)"]
[Result "0-1"]
[WhiteElo "2180"]
[BlackElo "2056"]

1.d4 Nf6 2.c4 g6 3.Nc3 d5 4.Bf4 Bg7 5.e3 e6 6.cxd5 Nxd5 7.Nxd5 exd5 8.Qa4+ Nd7
9.Nf3 O-O 10.Rc1 c6 11.Bd3 Re8 12.O-O Nf6 13.Be5 Nh5 14.Bxg7 Nxg7 15.b4 f6
16.b5 Bd7 17.Nd2 a6 18.bxa6 b5 19.Qa3 Qe7 20.Qxe7 Rxe7 21.a4 Rxa6 22.axb5 cxb5
23.Rc7 Rb6 24.Nb3 Ne6 25.Ra7 Kf7 26.Rc1 Bc6 27.Ra2 b4 28.Ra5 f5 29.f3 Nd8
30.e4 Nb7 31.Ra8 dxe4 32.Bc4+ Kg7 33.d5 Bb5 34.fxe4 Bxc4 35.Rxc4 fxe4 36.Rc6
Rb5 37.d6 Rf7 38.Ra7 Rd5 39.g3 Nxd6 40.Rxf7+ Kxf7 41.Rb6 e3 42.Kf1 Nb5 43.Ke2
Re5 44.g4 Nc3+ 45.Ke1 Rd5 {#R} 0-1

[Event "It (open) \"]
[Site "masterchessopen.com Debrecen (Hungary)"]
[Date "1999.10.24"]
[Round "9"]
[White "Rat Dan Ovidiu (ROM)"]
[Black "Voiteanu Gabriel (ROM)"]
[Result "1-0"]
[WhiteElo "2334"]
[BlackElo "2047"]

1.d4 Nf6 2.c4 g6 3.Nc3 d5 4.Bf4 Bg7 5.e3 c5 6.dxc5 Qa5 7.Qa4+ Qxa4 8.Nxa4 Ne4
9.f3 Bd7 10.fxe4 Bxa4 11.cxd5 Bxb2 12.Rb1 Bc3+ 13.Kf2 Nd7 14.Rc1 Nxc5 15.Kf3
Bb4 16.Rc4 Bb5 17.Rxb4 Bxf1 18.Ne2 Bxe2+ 19.Kxe2 Kd7 20.e5 Rhc8 21.Rf1 f5
22.e6+ Ke8 23.g4 Ne4 24.gxf5 gxf5 25.Rg1 Nf6 26.Rxb7 Rc2+ 27.Kf3 {#r} 1-0

[Event "It (open)"]
[Site "masterchessopen.com Arco (Italy)"]
[Round "7"]
[White "Inkiov Ventzislav (BUL)"]
[Black "Konopka Michal (CZE)"]
[Result "1-0"]
[WhiteElo "2416"]
[BlackElo "2453"]

1.d4 Nf6 2.c4 g6 3.Nc3 d5 4.Bf4 Bg7 5.e3 c5 6.dxc5 Qa5 7.Rc1 dxc4 8.Bxc4 O-O
9.Ne2 Qxc5 10.Nb5 Be6 11.Qb3 Bxc4 12.Rxc4 Qf5 13.Ng3 Qd7 14.O-O Nc6 15.Rd1 Qc8
16.Nd4 Rd8 17.Nxc6 Rxd1+ 18.Qxd1 bxc6 19.e4 Qe6 20.b3 a5 21.h4 Nd7 22.Qc2 c5
23.Be3 Rd8 24.Qd1 Qb6 25.Rc2 Bd4 26.Rd2 Ne5 27.Ne2 Nc6 28.Bg5 f6 29.Bf4 e5
30.Be3 Kf7 31.Qc1 Bxe3 32.fxe3 Nb4 33.a3 Nc6 34.Qc4+ Kg7 35.Rxd8 Nxd8 36.Nc3
Ne6 37.Na4 Qd6 38.Qd5 Qa6 39.Kf2 {#r} 1-0

[Event "Ch NRW (juniors) (under 18) (g)"]
[Site "masterchessopen.com Bergneustadt (Germany)"]
[Round "5"]
[White "Lennartz Christina (GER)"]
[Black "Sporkert Corina"]
[Result "0-1"]
[WhiteElo "1822"]
[BlackElo "1437"]

1.d4 Nf6 2.c4 g6 3.Nc3 d5 4.Bf4 Bg7 5.e3 dxc4 6.Bxc4 c6 7.Nf3 Nbd7 8.O-O Nb6
9.Be2 O-O 10.Rc1 Bf5 11.h3 Ne4 12.Bh2 Rc8 13.Qb3 Qd7 14.Rfe1 Be6 15.Qc2 Nxc3
16.bxc3 Bc4 17.Bxc4 Nxc4 18.Qb3 b5 19.Ne5 Bxe5 20.dxe5 Qf5 21.Qb4 Qe6 22.Qc5
a5 23.Kh1 Rfe8 24.a4 Red8 25.axb5 cxb5 26.Qxb5 Re8 27.Rcd1 a4 28.Rd7 a3
29.Red1 Rb8 30.Rb7 Rxb7 31.Qxe8+ Kg7 32.Bf4 f6 33.Rd8 g5 34.exf6+ Qxf6 35.Qg8+
Kh6 36.Bxg5+ Qxg5 37.Qxc4 Rb1+ 38.Kh2 Qe5+ 39.Qf4+ Qxf4+ 40.exf4 a2 41.Ra8
a1=Q 42.Rxa1 Rxa1 43.g4 Rc1 44.Kg3 Rxc3+ 45.f3 e6 46.h4 Kg6 47.h5+ Kf6 48.Kg2
e5 {#R} 0-1

[Event "Ch Hungary (team) 2000/01 (3 liga)"]
[Site "masterchessopen.com Hungary"]
[Round "1"]
[White "Rat Dan Ovidiu (ROM)"]
[Black "Szava Miklos (HUN)"]
[Result "1-0"]
[WhiteElo "2366"]
[BlackElo "2191"]

1.d4 Nf6 2.c4 g6 3.Nc3 d5 4.Bf4 Bg7 5.e3 c5 6.dxc5 Qa5 7.Qa4+ Qxa4 8.Nxa4 Ne4
9.f3 Bd7 10.fxe4 Bxa4 11.cxd5 Nd7 12.Rc1 Bxb2 13.Rc4 Bb5 14.Rc2 Bxf1 15.Kxf1
Ba3 16.c6 bxc6 17.dxc6 Nf6 18.Rc4 O-O 19.Nf3 Rac8 20.Ke2 Ne8 21.Rb1 Bd6 22.Bh6
Ng7 23.Rb7 a5 24.Nd4 Rfe8 25.Bxg7 Kxg7 26.c7 e6 27.Nb5 Bxh2 28.Na7 Kf6 29.Nxc8
Rxc8 30.Rc5 a4 31.Ra5 {#r} 1-0